ARRUPE JESUIT UNIVERSITY

CORONAVIRUS -STOP THE SPREAD - CLEAN,DISINFECT,COVER

Perspective as symbolic form / (Record no. 123397)

MARC details
000 -LEADER
fixed length control field 00994cam a2200301 a 4500
001 - CONTROL NUMBER
control field 2100969
003 - CONTROL NUMBER IDENTIFIER
control field ARRUPE
005 - DATE AND TIME OF LATEST TRANSACTION
control field 20150910161343.0
008 - FIXED-LENGTH DATA ELEMENTS--GENERAL INFORMATION
fixed length control field 970709t19971991nyua b 000 0 eng d
020 ## - INTERNATIONAL STANDARD BOOK NUMBER
International Standard Book Number 0942299531 (pbk.)
035 ## - SYSTEM CONTROL NUMBER
System control number (OCoLC)ocm37267264
035 ## - SYSTEM CONTROL NUMBER
System control number (NNC)2100969
040 ## - CATALOGING SOURCE
Original cataloging agency UNL
Transcribing agency UNL
041 1# - LANGUAGE CODE
Language code of text/sound track or separate title eng
Language code of original and/or intermediate translations of text ger
050 ## - LIBRARY OF CONGRESS CALL NUMBER
Classification number NC750
Item number .P2313 1991
300 ## - PHYSICAL DESCRIPTION
Other physical details ill. ;
Dimensions 23 cm.
100 1# - MAIN ENTRY--PERSONAL NAME
Personal name Panofsky, Erwin,
Dates associated with a name 1892-1968.
9 (RLIN) 19806
240 10 - UNIFORM TITLE
Uniform title <a href="Perspektive als symbolische Form.">Perspektive als symbolische Form.</a>
Language of a work English
245 10 - TITLE STATEMENT
Title Perspective as symbolic form /
Statement of responsibility, etc Erwin Panofsky ; translated by Christopher S. Wood.
250 ## - EDITION STATEMENT
Edition statement 1st pbk. ed.
260 ## - PUBLICATION, DISTRIBUTION, ETC. (IMPRINT)
Place of publication, distribution, etc New York :
Name of publisher, distributor, etc Zone Books ;
Place of publication, distribution, etc Cambridge, Mass. :
Name of publisher, distributor, etc Distributed by the MIT Press,
Date of publication, distribution, etc c1991.
300 ## - PHYSICAL DESCRIPTION
Extent 196 p. :
500 ## - GENERAL NOTE
General note Translation of: Die Perspektive als symbolische Form.
504 ## - BIBLIOGRAPHY, ETC. NOTE
Bibliography, etc Includes bibliographical references.
650 #0 - SUBJECT ADDED ENTRY--TOPICAL TERM
Topical term or geographic name as entry element Perspective.
9 (RLIN) 19807
942 ## - ADDED ENTRY ELEMENTS (KOHA)
Source of classification or shelving scheme Library of Congress Classification
Koha item type Monograph ( Printed materials)
948 2# - LOCAL PROCESSING INFORMATION (OCLC); SERIES PART DESIGNATOR (RLIN)
Series part designator, SPT (RLIN) 20141229
b (OCLC) a
c (OCLC) jeb52
d (OCLC) MPS
Holdings
Withdrawn status Lost status Source of classification or shelving scheme Damaged status Not for loan Collection code Home library Current library Shelving location Date acquired Total Checkouts Full call number Barcode Date last seen Price effective from Koha item type
    Library of Congress Classification     Main Collection ARRUPE LIBRARY ARRUPE LIBRARY Main Collection 10/09/2015   NC750.P2313 1991 46500004244 03/07/2018 10/09/2015 Monograph ( Printed materials)

 

Arrupe Library. PO Box MP320 Mt Pleasant, Harare, Zimbabwe
263 242 745411|librarian@aju.ac.zw